000 01155nam a2200289 a 4500
005 20160922120020.0
008 160922s2006 ck ao|||r|||| 00| 0 spa d
020 _a9789589779859
040 _aCO-BoIAVH
_cCO-BoIAVH
041 0 _aspa
044 _ack
082 0 4 _a595.7891
_bP96m
245 0 0 _aProduzcamos mariposas diurnas /
260 _a[Rionegro, Antioquia?], Colombia :
_bUniversidad Católica de Oriente :
_bCORNARE,
_c2006.
300 _a88 páginas :
_bilustraciones a color y fotografías a color ;
_c26 x 21 cm.
504 _aIncluye referencias bibliográficas.
650 2 4 _aMariposas
_xvida
_zColombia
650 2 4 _aMariposas
_xcría
_zColombia
650 2 6 _aMariposas
_xconservación
_zColombia
650 2 4 _aMariposarios
_xconstrucción
700 1 _aConstantino-Ch., Luis Miguel
_efotografías
700 1 _aOrozco Zapata, Jorge Mauricio
_efotografías
700 1 _aMazo Sepulveda, Juliana
_efotografías
710 2 _aCorporación Autónoma Regional Rionegro - Nare. Cornare
710 2 _aUniversidad Católica del Oriente Antioqueño
942 _2ddc
_cLIBRO
999 _c19046
_d19046